Latex interpenetrating polymer networks based on polyacrylates and polystyrene. I. Synthetic variations (Record no. 62040)

MARC details
000 -LEADER
fixed length control field 01410nam a2200181Ia 4500
100 ## - MAIN ENTRY--AUTHOR NAME
Personal name Nagarajan P
245 #0 - TITLE STATEMENT
Title Latex interpenetrating polymer networks based on polyacrylates and polystyrene. I. Synthetic variations
260 ## - PUBLICATION, DISTRIBUTION, ETC. (IMPRINT)
Name of publisher Journal of Applied Polymer Science
Year of publication 1996
300 ## - PHYSICAL DESCRIPTION
Number of Pages 191-195
520 ## - SUMMARY, ETC.
Summary, etc Two different acrylic copolymeric seeds (with 0 and 6;methacrylic acid), having very high variation in the hydrophilicity, were used to develop latex interpenetrating polymer networks (LIPNs) with polystyrene as polymer II, to study the effect of the mode of monomer II addition, such as continuous monomer addition and absorption method/swelling the seed with monomer II, followed by polymerization. Linear combination of the two polymers were also prepared to understand the above effects on the final properties such as the glass transition temperature, hardness, and tensile strength of the different samples prepared. The results showed that the addition of styrene monomer by the absorption method and the increase in hydrophilicity of the seed improved the mixing of the two polymers, thus resulting in producing LIPNs possessing broad glass transition with high strength and hardness.
650 ## - SUBJECT ADDED ENTRY--TOPICAL TERM
Topical Term Interpenetratin network
650 ## - SUBJECT ADDED ENTRY--TOPICAL TERM
Topical Term Latex
650 ## - SUBJECT ADDED ENTRY--TOPICAL TERM
Topical Term Polyacrylate
700 ## - ADDED ENTRY--PERSONAL NAME
Personal name Mital C K
700 ## - ADDED ENTRY--PERSONAL NAME
Personal name Trivedi M K
942 ## - ADDED ENTRY ELEMENTS (KOHA)
Koha item type Journals
Holdings
Withdrawn status Lost status Damaged status Not for loan Home library Current library Shelving location Date acquired Serial Enumeration / chronology Koha item type
      Journals RRII Library RRII Library Rubber chemistry 17/12/2021 Volume 59, Issue 2 Journals